00776nam a2200229Ia 450000500170000000800410001702000180005810000200007624500640009625000220016030000390018265000380022165000380025965000320029770000340032926400490036333600270041233700330043933800280047204000350050008400110053520220317000036.0141031s2011 m a g 000 j s  a97896816798731 aBrowne, Anthony10aKing KongcAnthony Browne ; traducido por Francisco Segovia aPrimera edición a92 páginasbilustracionesc21 cm142LEMBaCuentos infantiles ingleses142LEMBaLiteratura infantil inglesa142LEMBaCine en la literatura1 aSegovia, Franciscoetraductor aMéxicobFondo de Cultura Económicac2011 atextobtxt2rdacontent asin mediaciónbn2rdamedia avolumenbnc2rdacarrier aCO-BoRNBPbspaerdacCO-BoRNBP aC BRO1